Implementación de un controlador para posicionadores lineales aplicables en el estiramiento de fibra óptica
Na minha lista:
| Autor principal: | |
|---|---|
| Outros Autores: | |
| Formato: | Livro |
| Idioma: | Spanish |
| Publicado em: |
[San José], Costa Rica
2014
|
| Assuntos: | |
| Tags: |
Adicionar Tag
Sem tags, seja o primeiro a adicionar uma tag!
|
MARC
| LEADER | 00000nam a22000007a 4500 | ||
|---|---|---|---|
| 003 | 011943 | ||
| 005 | 20230817132619.0 | ||
| 008 | 150310b2014 cr a|||| |||| 00| ||spa d | ||
| 040 | |c cru CEDI | ||
| 100 | |9 1114 |a Castrillo Piedra, Andrés Rodolfo, 1990- | ||
| 245 | |a Implementación de un controlador para posicionadores lineales aplicables en el estiramiento de fibra óptica | ||
| 260 | |a [San José], Costa Rica |c 2014 | ||
| 300 | |a xiii, 81hojas : ilustraciones | ||
| 500 | |a Proyecto de graduación (bachillerato en ingeniería eléctrica)--Universidad de Costa Rica. Facultad de Ingeniería. Escuela de Ingeniería Eléctrica | ||
| 501 | |a Profesor Guía de IE-0499 Proyecto Eléctrico: Dr. Jaime Cascante Vindas | ||
| 650 | |x CONTROL AUTOMATICO |x REGULADORES ELECTRICOS |x TECNOLOGIA ELECTROMECANICA |x SISTEMAS DE CONTROL |x FIBRA OPTICA |x PROCEDIMIENTOS FOTOMECANICOS |9 402 | ||
| 700 | |9 732 |a Cascante Vindas, Jaime, 1978- |d Director de Proyecto Eléctrico | ||
| 942 | |c CEDI |h TFG 7109 |6 TFG_7109_000000000000000 | ||
| 999 | |c 13672 |d 13672 | ||
